अद्वैतसिद्धि:विठ्ठलेशी-गौडब्रह्मानन्दी-बलभद्रसिद्धि-तरंगिणी-लघुचंद्रिकाव्याख्यासहित-संस्कृत. (Record no. 1352388)
[ view plain ]
| 000 -LEADER | |
|---|---|
| fixed length control field | 01856nam a2200181Ia 4500 |
| 008 - FIXED-LENGTH DATA ELEMENTS--GENERAL INFORMATION | |
| fixed length control field | 151202s9999||||xx |||||||||||||| ||und|| |
| 082 ## - DEWEY DECIMAL CLASSIFICATION NUMBER | |
| Item number | PNVM-122259 |
| 100 ## - MAIN ENTRY--PERSONAL NAME | |
| Personal name | "मधुसूदनसरस्वती/विठ्ठलेश उपाध्याय,गौडब्रह्मानन्द,बलभद्र,/संपा-अनन्तकृष्णशास्त्री." |
| 245 ## - TITLE STATEMENT | |
| Title | अद्वैतसिद्धि:विठ्ठलेशी-गौडब्रह्मानन्दी-बलभद्रसिद्धि-तरंगिणी-लघुचंद्रिकाव्याख्यासहित-संस्कृत. |
| 260 ## - PUBLICATION, DISTRIBUTION, ETC. (IMPRINT) | |
| Name of publisher, distributor, etc | "निर्णयसागर प्रकाशन,मुंबई." |
| 260 ## - PUBLICATION, DISTRIBUTION, ETC. (IMPRINT) | |
| Date of publication, distribution, etc | 1937 |
| 300 ## - PHYSICAL DESCRIPTION | |
| Extent | 952 |
| 600 ## - SUBJECT ADDED ENTRY--PERSONAL NAME | |
| Personal name | "मधुसूदनसरस्वती/विठ्ठलेश उपाध्याय,गौडब्रह्मानन्द,बलभद्र,/संपा-अनन्तकृष्णशास्त्री." |
| 630 ## - SUBJECT ADDED ENTRY--UNIFORM TITLE | |
| Uniform title | अद्वैतसिद्धि:विठ्ठलेशी-गौडब्रह्मानन्दी-बलभद्रसिद्धि-तरंगिणी-लघुचंद्रिकाव्याख्यासहित-संस्कृत. |
| 700 ## - ADDED ENTRY--PERSONAL NAME | |
| Personal name | "मधुसूदनसरस्वती/विठ्ठलेश उपाध्याय,गौडब्रह्मानन्द,बलभद्र,/संपा-अनन्तकृष्णशास्त्री." |
| 730 ## - ADDED ENTRY--UNIFORM TITLE | |
| Uniform title | अद्वैतसिद्धि:विठ्ठलेशी-गौडब्रह्मानन्दी-बलभद्रसिद्धि-तरंगिणी-लघुचंद्रिकाव्याख्यासहित-संस्कृत. |
| 942 ## - ADDED ENTRY ELEMENTS (KOHA) | |
| Koha item type | Book |
| Withdrawn status | Lost status | Damaged status | Not for loan | Home library | Current library | Date acquired | Cost, normal purchase price | Total Checkouts | Full call number | Barcode | Date last seen | Cost, replacement price | Price effective from | Koha item type |
|---|---|---|---|---|---|---|---|---|---|---|---|---|---|---|
| Pune Nagar Vachan Mandir, Pune | Pune Nagar Vachan Mandir, Pune | 06/21/2015 | 0.00 | PNVM-122259 | PNVM-122259 | 12/02/2015 | 0.00 | 12/02/2015 | Book |